[Event "Mittelfrankenliga-B2a 0607"]
[White "Bergmann, Rainer"]
[Black "Schoenhoefer, Michael"]
[Site "Mittelfranken"]
[Round "3.7"]
[Result "1-0"]
[Date "2006.12.03"]
[WhiteElo "1710"]
[BlackElo "1502"]
[PlyCount "29"]
[EventDate "2006.10.22"]
[EventType "team-tourn"]
[EventRounds "9"]
[EventCountry "GER"]
[SourceTitle "EXT 2011"]
[Source "ChessBase"]
[SourceDate "2010.11.26"]
[SourceVersion "1"]
[SourceVersionDate "2010.11.26"]
[SourceQuality "1"]
[WhiteTeam "Erlangen SC II"]
[BlackTeam "Altensittenbach II"]
[WhiteTeamCountry "GER"]
[BlackTeamCountry "GER"]

1. d4 d5 2. c4 dxc4 3. Nf3 Nf6 4. Nc3 e6 5. e4 Bb4 6. Bg5 h6 7. Bxf6 Qxf6 8. Bxc4 0-0 9. 0-0 b6 10. Qe2 Bb7 11. Nb5 Bd6 12. Nd2 e5 13. f4 exf4 14. e5 Qg5 15. exd6 1-0